00378 a2200109 4500001001000000005001700010008004100027245009600068100002000164773006700184999001700251ART_1880920260410161920.0260409a 10aModificaciones reglamentarias del impuesto a las ganancias en materia de venta de inmuebles1 aGaffuri, Silvia0 tLa informacióng- Tomo XXXVIII, Nº 583 (jul.1978)wREV14902 c27629d27629